00223nam a2200097Ia 4500008004100000041000800041082001000049100001500059245002500074260002600099231212s1979 xx 000 0 und d aeng a621.8 aIzyvmov N. aFundamental of Radio aMascowbMir Pubc1979